[Event "9th Dortmund Meeting"]
[Site "Dortmund GER"]
[Date "1981.06.??"]
[Round "3"]
[White "Sznapik, Aleksander"]
[Black "Campora, Daniel Hugo"]
[WhiteElo "2450"]
[BlackElo "2455"]
[Result "0-1"]
[EventDate "1981.06.02"]
[PlyCount "116"]

1.e4 c6 2.d4 d5 3.exd5 cxd5 4.Bd3 Nc6 5.c3 Nf6 6.Bf4 Bg4 7.Qb3 Qc8 8.Nd2 
e6 9.Ngf3 Be7 10.O-O O-O 11.Ne5 Bh5 12.Qc2 Bg6 13.Nxg6 hxg6 14.Nf3 a6 15.
a4 Qd8 16.Rfe1 Rc8 17.Qe2 Re8 18.Rad1 Nh7 19.Bc1 Qa5 20.h4 Nf8 21.h5 gxh5 
22.b4 Qc7 23.b5 axb5 24.axb5 Nd8 25.Ne5 g6 26.g4 hxg4 27.Qxg4 Bd6 28.b6 
Qe7 29.Bg5 f6 30.Nxg6 Nxg6 31.Bh6 Kh8 32.Bxg6 Rg8 33.Kf1 Qh7 34.Bxh7 Rxg4 
35.Bb1 Rxc3 36.Rc1 Rxc1 37.Rxc1 Nc6 38.Be3 f5 39.f3 Rh4 40.Rd1 Rh1+ 41.Ke2
Rxd1 42.Kxd1 Be7 43.Bf4 Bf6 44.Bc2 Bxd4 45.Bc7 Kg7 46.Ba4 Na5 47.Bd7 Kf7 
48.Bc8 Nc4 49.Bxb7 Bxb6 50.Bb8 Kf6 51.Ke2 Bc5 52.Bc7 Bd6 53.Bd8+ Ke5 54.
Bc8 f4 55.Kd3 Kf5 56.Ba6 Ne5+ 57.Ke2 Bc5 58.Bc7 Nc6 0-1

[Event "9th Dortmund Meeting"]
[Site "Dortmund GER"]
[Date "1981.06.??"]
[Round "4"]
[White "Tatai, Stefano"]
[Black "Sznapik, Aleksander"]
[WhiteElo "2495"]
[BlackElo "2450"]
[Result "1/2-1/2"]
[EventDate "1981.06.02"]
[PlyCount "31"]

1.e4 g6 2.d4 Bg7 3.Nf3 d6 4.Be2 Nf6 5.Nc3 O-O 6.O-O c6 7.h3 Nbd7 8.a4 e5 
9.dxe5 dxe5 10.Nd2 Nc5 11.Re1 Qd4 12.Bf1 Rd8 13.Qf3 Ne6 14.Nb3 Qb4 15.a5 
Qe7 16.Na4 1/2-1/2

[Event "9th Dortmund Meeting"]
[Site "Dortmund GER"]
[Date "1981.06.??"]
[Round "6"]
[White "Ftacnik, Lubomir"]
[Black "Sznapik, Aleksander"]
[WhiteElo "2520"]
[BlackElo "2450"]
[Result "1-0"]
[EventDate "1981.06.02"]
[PlyCount "114"]

1.d4 Nf6 2.c4 g6 3.Nc3 Bg7 4.e4 d6 5.Nf3 O-O 6.Be2 e5 7.O-O Nc6 8.d5 Ne7 
9.Ne1 Nd7 10.Bd2 f5 11.Nd3 c5 12.f4 a6 13.a4 exf4 14.Bxf4 Bxc3 15.bxc3 
fxe4 16.Ne1 Nf5 17.Qd2 e3 18.Qc1 Qe7 19.Nc2 Qe4 20.Nxe3 Nd4 21.cxd4 Rxf4 
22.Rxf4 Qxf4 23.Nc2 Qxc1+ 24.Rxc1 cxd4 25.Nxd4 Nc5 26.a5 Bd7 27.Rb1 Re8 
28.Bf3 Kf8 29.Kf2 Re5 30.h3 Ke7 31.Rb6 Bc8 32.Nb3 Nd7 33.Rb4 h5 34.Bd1 Nf6
35.Nd2 Kd8 36.Rb6 Kc7 37.Bc2 Bf5 38.Nf3 Re8 39.Bxf5 gxf5 40.Nd4 Re4 41.
Ne6+ Kb8 42.Rxd6 Rxc4 43.Kf3 Ra4 44.Nf8 Ne4 45.Rd8+ Ka7 46.d6 Ng5+ 47.Ke2 
Rxa5 48.h4 Ne6 49.Nxe6 Re5+ 50.Kf3 Rxe6 51.Kf4 Re2 52.Kxf5 Rxg2 53.Re8 Rd2
54.Ke6 Re2+ 55.Kf7 Rd2 56.Ke7 Re2+ 57.Kd8 Rd2 1-0